[Event "RUS-ch 72nd"]
[Site "Izhevsk"]
[Date "2019.08.22"]
[Round "11"]
[White "Dreev, Alexey"]
[Black "Inarkiev, Ernesto"]
[Result "0-1"]
[WhiteElo "2662"]
[BlackElo "2682"]
[Annotator "Krasenkow,M"]
[PlyCount "58"]
[EventDate "2019.08.10"]
[EventType "tourn"]
[EventRounds "11"]
[EventCountry "RUS"]
[EventCategory "18"]
[SourceTitle "CBM 192"]
[Source "ChessBase"]
[SourceDate "2019.10.31"]
[SourceVersion "1"]
[SourceVersionDate "2019.10.31"]
[SourceQuality "1"]

{[%evp 0,58,19,31,25,-16,-12,4,21,-4,-4,-40,-13,-55,-4,-16,34,-22,9,26,93,39,
53,106,107,90,119,118,167,51,25,20,65,65,40,59,59,40,47,29,40,43,68,-11,-13,0,
0,-43,0,-99,-107,-160,-185,-242,-183,-192,-248,-237,-93,-427,-423]} 1. d4 Nf6
2. c4 e6 3. Nc3 Bb4 4. Qc2 d5 5. cxd5 exd5 6. Bf4 Ne4 {A rare reply to a rare
move.} (6... O-O) ({or} 6... c5 {are usually played here.}) 7. e3 c5 $1 $132 8.
dxc5 (8. Bb5+ Nc6 9. Nge2 Bf5 10. Bxc6+ bxc6 11. Qa4 O-O 12. O-O {1-0 (32)
Didiliuc,D (1846)-Cornette,D (2427) Calimanesti Caciulata 2016} Nxc3 13. bxc3
Bd3 14. Rfe1 Bxe2 15. Rxe2 Bxc3 16. Rc1 cxd4 17. exd4 Qa5 $11) (8. Bd3 cxd4 9.
exd4 Bf5 10. Nge2 O-O 11. O-O Re8 (11... Bxc3 $1 12. bxc3 Bg6 $11) 12. Nb5 Na6
13. a3 Bf8 {0-1 (42) Safin Shukhrat (2455)-Nenashev Alexander (2565) Bishkek 
(zt) 1993 [Nenashev,A]} 14. Rac1 $14) 8... Qa5 (8... O-O {is more quiet and
leads to a position from the following game, in which Black played 6...c5
first (7.dxc5 0-0 8.e3 Ne4):} 9. Bd3 Bxc3+ 10. bxc3 Nd7 11. f3 Nef6 12. Ne2
Nxc5 $11 {1/2 (56) Erdos,V (2619)-Krejci,J (2538) Balatonszarszo 2017}) 9. Nge2
(9. Rc1 Qxa2 (9... Nd7 10. Nge2 Qxa2 11. f3 Nxc3 12. Nxc3 Qa5 13. Kf2 Qxc5 14.
Nb5 Qxc2+ 15. Rxc2 $16 {0-1 (59) Antonsen,M (2455)-Thybo,J (2470) Svendborg
2018}) 10. Bxb8 Bxc3+ 11. bxc3 Qxc2 12. Rxc2 Rxb8 13. c4 Be6 14. cxd5 Bxd5 15.
f3 Nf6 16. Ne2 O-O {1/2 (16) Galperin,P (2445)-Harsha,B (2486) Warsaw 2019})
9... O-O (9... Nc6 $5 10. a3 Bf5 11. Qc1 Nxc5 12. axb4 Nd3+ 13. Kd2 Qxb4 14.
Ra4 Nxc1 (14... Qb3 15. Qb1 Nxb2 16. Qxf5 Nxa4 17. Nxa4 Qxa4 18. Nc3 $16 {
1-0 (43) Girya,O (2442)-Danielian,E (2445) Batumi 2016}) 15. Rxb4 Nxe2 16. Rxb7
Nxf4 17. Bb5 $5 O-O 18. Bxc6 $14) 10. a3 Bf5 (10... Nxc3 {doesn't fit Black's
aggressive plans. White keeps a tiny edge after} 11. Nxc3 Bf5 12. Qd2 Bxc3 13.
Qxc3 Qxc3+ 14. bxc3 Rc8 15. c4 $1 dxc4 16. Bxc4 Rxc5 17. Be2 Nc6 18. O-O $14)
11. Qc1 (11. Nd4 Bg6 12. Nb3 Bxc3+ 13. bxc3 Qa4 14. Qb2 Nd7 $11) 11... Nxc5 {
[%mdl 512] Black sacrifices a piece to attack White's king in the centre. The
resulting position is hard to evaluate but in practice defending is more
difficult than attacking. However, up to a certain moment, Alexey Dreev plays
well.} (11... Bxc3+ 12. Nxc3 Qxc5 13. Nxe4 Qxc1+ 14. Rxc1 dxe4 15. h3 Nc6 16.
g4 Bg6 17. Bg2 Rfe8 18. h4 f6 19. O-O Bf7 20. Rc5 Rad8 21. g5 fxg5 22. hxg5 a5
23. Rfc1 a4 24. Rb5 Re7 25. g6 Bxg6 26. Bg5 Rde8 27. Bxe7 Rxe7 28. Rc4 Ne5 29.
Rc8+ Kf7 30. Rb8 Kf6 31. R5xb7 Nd7 32. Ra8 Bf5 33. Raa7 h5 34. Bf1 {1-0 (34)
Matthiesen,M (2307)-Svane,R (2587) Denmark 2018}) 12. axb4 (12. Nd4 $5 Bxc3+ (
12... Nd3+ 13. Bxd3 Bxc3+ 14. Qxc3 Qxc3+ 15. bxc3 Bxd3 16. Bxb8 $1 Raxb8 17.
Kd2 $14) 13. Qxc3 Qxc3+ 14. bxc3 Bg6 {, and Black should equalize.}) 12... Nd3+
13. Kd2 Qd8 $1 (13... Qxb4 14. Ra4 $1 Qb6 15. Qa1 {is rather favorable for
White.}) 14. Qb1 $1 (14. Qc2 $143 Bg6 15. Qb3 Nc6 $132) 14... Bg6 15. Bxb8 Qxb8
16. f4 $1 Nf2 (16... Nxf4 17. Qe1 Nd3 18. Qg3 $16) 17. Qe1 Nxh1 18. Nd4 {
White has consolidated his position. Black's h1 knight must fall, and White
should regain his material advantage while Black's attack has been repelled.}
Qd6 19. Bd3 $6 {There was no need to hurry.} (19. Ra4 $1 $16 {was quite
possible.}) 19... Qxb4 $6 (19... Bxd3 20. Kxd3 Qg6+ 21. f5 Qxg2 22. Qxh1 Qxb2
$13) 20. Nc2 Qb6 21. Qxh1 $6 {This obvious move suddenly gives Black strong
counterplay.} (21. f5 $1 {was correct, and after} Bh5 22. Kc1 {White is ready
to capture the h1 khight and should win} (22. Qxh1 d4 $1 {leads to unnecessary
complications})) 21... d4 $1 22. exd4 (22. Nxd4 $2 Qxb2+ 23. Nc2 Rfd8 24. e4
Rac8 $19) 22... Rac8 $6 (22... Bxd3 23. Kxd3 Rac8 {was correct, to which White
should play} 24. Rb1 {, still keeping better prospects.}) 23. Ra2 $2 ({It was
still possible to play} 23. f5 $1 Qxb2 24. Ra3 Bh5 25. Qb1 Qxb1 26. Nxb1 $16) {
After the game move Black seizes initiative.} 23... Bxd3 24. Kxd3 Qb3 25. Rxa7
$2 (25. Ra3 $1 Qxb2 26. Qa1 {was a must although it is not easy for White to
defend after} Qb6) 25... b5 {[%cal Rb5b4]} 26. Rb7 $2 (26. Ne3 Qxb2 (26... b4
27. Qd1 $1) 27. Qe1 Qb3 28. Nf5 Qc4+ 29. Kc2 b4 30. Ne7+ Kh8 31. Nxc8 Rxc8 {
, and Black should win}) (26. Qa1 $142 b4 27. Kd2 bxc3+ 28. bxc3 Qb5 $17 {
- Black continues his attack with a rough material parity.}) 26... Qxb2 27. Qe1
Qb3 28. Qa1 Rc6 $6 (28... Rc4 $142 $19 {[%cal Rb5b4,Rf8c8]}) 29. d5 $2 {
[%mdl 8192] This loses at once.} (29. Kd2 $1 Rfc8 30. Rxb5 Qxc3+ 31. Qxc3 Rxc3
32. Rb2 {, and Black should display good technique to convert his material
advantage.}) 29... Rxc3+ (29... Rxc3+ 30. Qxc3 Qxd5+ $19) 0-1

[Event "Olympiad-43"]
[Site "Batumi"]
[Date "2018.10.03"]
[Round "9.11"]
[White "Pelletier, Yannick"]
[Black "Le, Quang Liem"]
[Result "0-1"]
[WhiteElo "2544"]
[BlackElo "2715"]
[Annotator "Krasenkow,M"]
[PlyCount "74"]
[EventDate "2018.09.24"]
[EventType "team-swiss"]
[EventRounds "11"]
[EventCountry "GEO"]
[SourceTitle "CBM 187"]
[Source "ChessBase"]
[SourceDate "2018.12.11"]
[SourceVersion "1"]
[SourceVersionDate "2018.12.11"]
[SourceQuality "1"]
[WhiteTeam "Switzerland"]
[BlackTeam "Vietnam"]
[WhiteTeamCountry "SUI"]
[BlackTeamCountry "VIE"]

1. d4 Nf6 2. c4 e6 3. Nc3 Bb4 4. Qc2 d5 5. cxd5 exd5 6. Bg5 h6 7. Bh4 c5 8.
dxc5 O-O 9. e3 Be6 10. Nf3 Nbd7 11. Bd3 {A rare continuation in this position.}
(11. a3) ({and} 11. Be2 {are usually played.}) 11... Rc8 (11... Nxc5 12. O-O
Nxd3 13. Qxd3 Be7 14. Nd4 Qd7 15. Rfd1 Rfd8 16. Rd2 Rac8 17. Rad1 a6 18. h3 $14
Rc4 $2 19. Nxe6 Qxe6 20. Bxf6 Bxf6 21. Nxd5 {1-0 (31) Gonzalez Rodriguez,J 
(2450)-Fernandez Fuentes,F (2315) Spain 1998}) (11... Qa5 12. O-O Rac8 13. Ne2
(13. Nd4 $14) 13... Bxc5 14. Qb1 Rfe8 15. Ned4 Ne4 16. a3 Qb6 $11 {0-1 (32)
Kiriakov,P-Mikhalevski,V (2370) Simferopol 1990}) 12. O-O Nxc5 (12... Bxc5 13.
Rac1 a6 14. Qb1 Be7 15. Ne2 Nc5 16. Ned4 Nxd3 17. Qxd3 Rxc1 18. Rxc1 Ne4 19.
Bxe7 Qxe7 20. Nd2 $14 {1/2 (33) Naumann,A (2478)-Mueller,K (2533) Lippstadt
1999}) 13. Nb5 $6 {White goes for complications, which are, however, quite
favorable for Black.} (13. Rfd1 Nxd3 14. Qxd3 Bxc3 15. bxc3 Bg4 16. Rab1 g5 17.
Bg3 b6 18. Rb4 Ne4 19. Be5 Re8 20. Qxd5 Qxd5 21. Rxd5 Nxc3 $11 {1/2 (56) Dreev,
A (2653)-Hevia,A (2488) chess.com INT 2018}) (13. Nd4 Nxd3 14. Qxd3 Bxc3 15.
bxc3 Qe7 16. f3 Rc4 17. e4 Qc5 18. Bxf6 gxf6 19. Rac1 Rc8 20. exd5 Bxd5 21.
Rfe1 b6 22. h4 Be6 $11 {1/2 (32) Sherwood,R (2186)-Dehaybe,A (2149)
Lechenicher SchachServer 2012}) (13. Rac1 $5 Bxc3 $5 (13... g5 $5 14. Bg3 Nfe4)
14. Qxc3 d4 15. Nxd4 Nb3 16. Qxc8 Bxc8 17. axb3 Qb6 18. Bg3 Be6 19. Bc7 Qb4 20.
Nxe6 fxe6 21. Bc4 Qe7 22. Rfd1 $44 {1/2 (38) Dos Santos,M (2294)-Szabo,V (2317)
Lechenicher SchachServer 2012}) (13. Ne2 {is the most logical and solid
continuation, e.g.} Nxd3 14. Qxd3 Be7 15. Nfd4 Qb6 16. a4 a5 17. Nb5 Rc4 18.
Ned4 Rfc8 19. b3 R4c5 {1/2 (81) Vo,T (2380)-Cramling,P (2450) Riadh 2017 In
this typical position with the isolated central pawn, White keeps a tiny edge.}
) 13... d4 $1 {[%mdl 64]} 14. Nxa7 (14. Nbxd4 $2 Nxd3 15. Qxd3 Bc4 {is the
pointe of Black's central break, an idea known since the famous game
Petrosian-Spassky of their World Championship match (1969).}) 14... Ra8 {
An ambitious move.} ({Black should hardly lose after} 14... Nxd3 15. Nxc8 dxe3
$1 {, e.g.} 16. fxe3 Qxc8 17. Qxd3 Bc4 18. Qc2 Bxf1 19. Qxc8 Rxc8 20. Bxf6 Bb5
({more accurate than} 20... Bxg2 21. Kxg2 Rc2+ 22. Kh3 gxf6 23. Rg1+ Kh7 24.
Rg2)) 15. Nb5 ({A mess after} 15. Bh7+ Kh8 16. a3 Rxa7 17. axb4 Rxa1 18. Rxa1
Nb3 {looks satisfactory for Black.}) 15... dxe3 16. Bh7+ Kh8 17. fxe3 Rxa2 (
17... Qb6 {, played in a previous game, which saw this position, is good for
equality, too:} 18. Bxf6 Qxb5 19. Bd4 Rxa2 20. Rxa2 Bxa2 21. Ne5 Ne6 22. Rxf7
Nxd4 23. Rxf8+ Bxf8 24. exd4 Qb4 25. Nf3 Bd5 $11 {0-1 (59) Holt,C (2571)-Yu,Y 
(2697) Las Vegas 2014}) 18. Nbd4 $6 (18. Rxa2 Bxa2 19. Bf5 $13 {is more solid.}
) 18... Rxa1 19. Rxa1 Qe7 $6 {Black doesn't understand the importance of his
bishop.} (19... Bd5 $142 $15) 20. Bf5 $6 {White must fight for equality, and
it was a good idea to get a bishop pair, even sacrificing his weak e3 pawn:} (
20. Nxe6 Qxe6 21. Bf5 Qxe3+ 22. Kh1 {, and White is hardly worse.}) 20... Bd5
$1 21. Bxf6 $2 {A positional capitulation. With an extra pawn and a bishop
pair Black gets a technically winning position, even though his pawn structure
gets damaged.} (21. Qe2 $142 Nce4 $15) 21... Qxe3+ 22. Qf2 Qxf2+ 23. Kxf2 gxf6
24. g4 Ne6 25. Rc1 Ra8 26. Ke3 Bd6 27. Rc2 Bf4+ 28. Kd3 Rd8 29. Be4 Ba2 30. Kc3
Be5 31. Rd2 Rc8+ 32. Kb4 Bd6+ 33. Kb5 Bc4+ 34. Kb6 Nc5 35. Bxb7 Rb8 36. Kc6
Nxb7 37. Nf5 Bf4 0-1

[Event "Corus-B"]
[Site "Wijk aan Zee"]
[Date "2009.01.24"]
[Round "7"]
[White "Navara, David"]
[Black "L'Ami, Erwin"]
[Result "0-1"]
[WhiteElo "2638"]
[BlackElo "2603"]
[Annotator "L'Ami,E"]
[PlyCount "84"]
[EventDate "2009.01.17"]
[EventType "tourn"]
[EventRounds "13"]
[EventCountry "NED"]
[EventCategory "16"]
[SourceTitle "CBM 129"]
[Source "ChessBase"]
[SourceDate "2009.03.25"]
[SourceVersion "1"]
[SourceVersionDate "2009.03.25"]
[SourceQuality "1"]

1. c4 Nf6 2. d4 e6 3. Nc3 Bb4 4. Qc2 d5 5. cxd5 exd5 6. Bg5 h6 7. Bh4 c5 8.
dxc5 g5 9. Bg3 Ne4 10. O-O-O ({A fresh idea, introduced by Iweta Rajlich. The
alternatives don't offer anything for White, as recent examples show;} 10. e3
Qa5 11. Nge2 Bf5 12. Be5 O-O 13. Nd4 Nxc3 14. Nxf5 Ne4+ 15. Kd1 Nc6 16. Bd6
Bxc5 17. Bxc5 Nxc5 18. Nxh6+ Kh8 19. h4 g4 20. f3 d4 21. Qf5 dxe3 {and White
is forced to give a perpetual} 22. Qf6+ {Bareev-Carlsen, Khanty Mansiysk 2005})
(10. Bxb8 {is strongly met with} Qf6 $1 ({White's idea would work after} 10...
Bxc3+ {because} 11. bxc3 Rxb8 12. Qa4+ Bd7 13. Qd4 O-O 14. f3 Nf6 15. g4 $1 b6
16. c6 $5 Bxc6 17. h4 {gives White a strong initiative.}) 11. Bg3 (11. O-O-O
Bxc3 12. Bg3 Bf5 13. Qb3 Nxc5 $1 14. Qxc3 $140 Rc8 $1 {forcing White to give
material.}) 11... Nxc3 12. a3 Bf5 13. Qd2 Ba5 14. b4 $2 ({better is either} 14.
e3) ({or} 14. Nf3) 14... Ne4 15. Qc1 Rc8 $1 {Easy to overlook!} 16. Ra2 Rxc5
17. Qa1 Qc6 $1 18. Qe5+ Kd8 19. Qxh8+ Kd7 {and White resigned in
Sokolov-Aronian, Turin 2006.}) 10... Bxc3 11. f3 Bd2+ ({Forced, since} 11...
Nxg3 12. Qxc3 Nxh1 13. Qxh8+ Ke7 14. Qxh6 {is just bad.}) 12. Rxd2 Nxd2 13.
Qxd2 {Time to take stock. White has a pawn for the exchange and, given time,
he will place his bishop on d6 and follow it up by e2-e3, Ng1-e2-d4. If he
succeeds in doing so Black will be in trouble, therefor I had to act fast.} Be6
14. h4 g4 15. Bd6 Nd7 $1 ({This is the best square for the knight, preparing
counterplay on c5 with Rc8. Instead} 15... Nc6 {gives White an easy life;} 16.
e3 Qa5 17. Qxa5 Nxa5 {and by playing Rd8xd6 at an appropriate moment Black may
manage to equalize. The game continuation is a more critical test of White's
idea.}) 16. e4 ({An attempt to improve uppon} 16. e3 Rc8 17. Bb5 a6 18. Ba4 b5
19. Bc2 Nxc5 20. Bxc5 Rxc5 21. Qd4 Rxc2+ 22. Kxc2 Rg8 {which was fine for
Black in, Rajlich-Sethuraman, Budapest 2008}) 16... Rc8 $5 ({I refused the
computer-suggestion} 16... dxe4 {because of} 17. Ne2 $1 {not wasting time by
taking pawns! I think White is simply better here, especially in a practical
game. Play might continue} Rc8 18. Nc3 exf3 19. gxf3 gxf3 20. Bb5 {and White
is already close to winning.}) 17. Qc3 ({White has two interesting
alternatives at his disposal;} 17. exd5 Nxc5 18. Bb5+ Bd7 19. Qe2+ Ne4+ $1 (
19... Ne6+ 20. Kb1 Bxb5 21. Qxb5+ Qd7 22. Qxd7+ Kxd7 23. Be5 Rhd8 24. Bf6 (24.
dxe6+ Kxe6 25. Bc3 Rd1+ 26. Kc2 Rf1 27. fxg4 Rc4 28. g5 h5 {is -not
suprisingly- bad for White. I like how all the engines, after carefully
counting the material, still find White to be better here, maybe we humans are
not so stupid after all?!}) 24... Nf4 25. Bxd8 Rxd8 26. fxg4 Nxg2 27. Nf3 Re8 {
should be drawish.}) 20. Bc6 $1 (20. Kb1 Bxb5 21. Qxe4+ Kd7 22. Be5 Qe7 $1 {
Black is better since the threat of Bd3+ is difficult to meet.}) 20... f5 (
20... bxc6 21. Qxe4+ Be6 22. dxe6 Qxd6 23. exf7+ Kxf7 24. Qf5+ Qf6 25. Qd7+ {
is a draw by perpetual.}) 21. fxe4 bxc6 22. exf5+ Kf7 23. Qxg4 cxd5+ 24. Kd2
Qa5+ ({not} 24... Qf6 25. Qh5+ Kg7 26. Qg4+ {and Black has to repeat since} Kh7
{runs into} 27. Be5 $1) 25. Bb4 Qb6 $1 {I think Black's chances are to be
preferred.}) (17. Qd4 Qf6 (17... Rg8 18. exd5 Nxc5 19. Bxc5 Qxd5 20. Bb5+ Kd8
21. Qf6+ Kc7 22. Qf4+ {is a draw.}) (17... f6 $5 18. Kb1 (18. Ne2 Nxc5 $1)
18... Qa5 19. Ne2 b6 20. Nf4 Qe1+ 21. Kc2 bxc5 22. Qa4 {is messy.}) {Now,
compared to the game, White has the extra option of} 18. e5 {but after} Qd8 {
threatening both Qa5 and Nxc5 Black's position still looks the more pleasant.})
17... Qf6 18. Qxf6 Nxf6 19. e5 Nd7 20. b4 {Again, given a few extra moves,
a2-a3, Ne2-d4, f3-f4 etc. White would be having a great life...} a5 $1 {
...so Black has to be fast.} 21. a3 axb4 22. axb4 Ra8 {Now White is just lost,
the pieces on the king-side wont be permitted to develop.} 23. Ne2 f6 $1 {
Allowing the other rook to join the party.} 24. f4 (24. exf6 Kf7 25. Nd4 Ra1+
26. Kb2 Rha8 {was the alternative.}) 24... fxe5 25. fxe5 Kf7 26. Nd4 Ra1+ 27.
Kb2 Rha8 {The culmination of Black's strategy, White's kingside is paralysed.}
28. Be2 $5 {Trying to complicate matters.} Rxh1 29. Nxe6 Nxe5 {The most easy
solution, the rest is easy.} 30. Nc7 Re1 31. Bb5 Rd8 32. Kc3 Nc6 33. Nxd5 Rc1+
34. Kb2 Rg1 35. g3 Rxd6 36. cxd6 Ke6 37. d7 Kxd7 38. Nf6+ Ke6 39. Nxg4 h5 40.
Bc4+ Kf5 41. Ne3+ Ke4 42. Nf1 Nxb4 0-1

[Event "Cappelle op 31st"]
[Site "Cappelle la Grande"]
[Date "2015.02.28"]
[Round "1"]
[White "Martynov, Pavel1"]
[Black "Kovalenko, Igor"]
[Result "0-1"]
[WhiteElo "2410"]
[BlackElo "2656"]
[Annotator "RR"]
[PlyCount "42"]
[EventDate "2015.02.28"]
[EventType "swiss"]
[EventRounds "9"]
[EventCountry "FRA"]
[SourceTitle "EXT 2016"]
[Source "ChessBase"]
[SourceDate "2015.10.08"]
[SourceVersion "1"]
[SourceVersionDate "2015.10.08"]
[SourceQuality "1"]

1. d4 Nf6 2. c4 e6 3. Nc3 Bb4 4. Qc2 d5 (4... O-O) (4... c5) 5. cxd5 exd5 6.
Bg5 Be6 $5 {Une ligne secondaire déjà utilisée auparavant par le GMI} (6...
h6) (6... c5) 7. e3 Nbd7 8. a3 (8. Nf3 h6 9. Bh4 c5 10. Be2 Rc8 11. O-O Qa5 12.
a3 Bxc3 13. Qxc3 Qxc3 14. bxc3 Ne4 15. Rfc1 c4 16. Rab1 b6 17. Rb2 g5 18. Bg3
h5 19. h4 g4 20. Nd2 Nxg3 21. fxg3 f5 22. a4 Ke7 23. Bd1 Kd6 24. Bc2 Kc6 25.
Rf1 Rhf8 26. Rf4 Rf6 27. Rb1 Rcf8 28. Rbf1 Kd6 29. Rb1 Kc6 30. Kh2 R6f7 31.
Rbf1 Nb8 32. Kg1 Na6 33. Kh2 Nc7 34. Kg1 Ne8 35. Rb1 Nd6 36. Kh2 Bd7 37. Rbf1
a6 {Schmidt,W (2360)-Kovalenko,I (2611) Poznan 2014 0-1}) 8... Bxc3+ 9. Qxc3
Bf5 (9... Ne4 $6 10. Bxd8 Nxc3 11. Bxc7) 10. f3 c6 11. g4 Bg6 12. Ne2 h5 $1 13.
gxh5 (13. Nf4 hxg4 14. Nxg6 fxg6 15. Bd3 {[%csl Re8]} O-O 16. Bxg6 {[%csl Rg8]}
Qe7 17. O-O-O gxf3 $13) 13... Bxh5 14. Bg2 Nf8 15. Qb4 Ne6 16. Bxf6 Qxf6 $1 17.
Qxb7 O-O $132 18. O-O Rab8 (18... Rfb8) 19. Qxc6 Rxb2 20. Ng3 $4 (20. Rf2 $8)
20... Rxg2+ $1 {Le GMI ne laisse pas passer l'occasion} 21. Kxg2 Nf4+ 0-1